La Liga 2025-2026 - Statistics

Statistiche generali
  • Questo quiz è stato fatto 45 volte
    18 dall'ultimo reset
  • Il punteggio medio è 15 su 20
Statistiche sulle risposte
Equipo % Corretto
Athletic Bilbao
100%
Atlético Madrid
100%
Barcellona
100%
Real Madrid
100%
Real Sociedad
100%
Siviglia
92%
Betis
85%
Espanyol
85%
Getafe
85%
Girona
77%
Rayo Vallecano
77%
Valencia
77%
Elche
69%
Levante
69%
Real Oviedo
69%
Villarreal
69%
Celta Vigo
62%
Maiorca
62%
Alavés
38%
Osasuna
31%
Nessun quiz corrispondente trovato
Distribuzione punteggi
Percentuale di utenti per punteggio
Percentile per numero di risposta
I tuoi punteggi nel tempo
Non hai fatto questo quiz dall'ultimo reset